Bridging pilot-scale testing to full-scale design of UV disinfection systems / (Record no. 332080)

000 -LEADER
fixed length control field 01592cam a22003134a 4500
001 - CONTROL NUMBER
control field 13565439
003 - CONTROL NUMBER IDENTIFIER
control field NUST
005 - DATE AND TIME OF LATEST TRANSACTION
control field 20171109101813.0
008 - FIXED-LENGTH DATA ELEMENTS--GENERAL INFORMATION
fixed length control field 040421s2004 coua b 000 0 eng
010 ## - LIBRARY OF CONGRESS CONTROL NUMBER
LC control number 2004046350
020 ## - INTERNATIONAL STANDARD BOOK NUMBER
International Standard Book Number 1583213171
040 ## - CATALOGING SOURCE
Original cataloging agency DLC
Transcribing agency DLC
Modifying agency DLC
042 ## - AUTHENTICATION CODE
Authentication code pcc
050 00 - LIBRARY OF CONGRESS CALL NUMBER
Classification number TD460
Item number .B75 2004
082 00 - DEWEY DECIMAL CLASSIFICATION NUMBER
Classification number 628.162 AWW
Edition number 22
245 00 - TITLE STATEMENT
Title Bridging pilot-scale testing to full-scale design of UV disinfection systems /
Statement of responsibility, etc. prepared by Erin D. Mackey ... [et al.] ; jointly sponsored by AWWA Research Foundation, U.S. Environmental Protection Agency, and Water Environment Research Foundation.
260 ## - PUBLICATION, DISTRIBUTION, ETC.
Place of publication, distribution, etc. Denver, CO :
Name of publisher, distributor, etc. AWWA Research Foundation and American Water Works Association,
Date of publication, distribution, etc. c2004.
300 ## - PHYSICAL DESCRIPTION
Extent xxix, 198 p. :
Other physical details ill. ;
Dimensions 28 cm.
500 ## - GENERAL NOTE
General note P.B
504 ## - BIBLIOGRAPHY, ETC. NOTE
Bibliography, etc. note Includes bibliographical references (p. 195-196).
650 #0 - SUBJECT ADDED ENTRY--TOPICAL TERM
Topical term or geographic name entry element Water
General subdivision Purification
-- Ultraviolet treatment.
9 (RLIN) 6244
650 #0 - SUBJECT ADDED ENTRY--TOPICAL TERM
Topical term or geographic name entry element Water
General subdivision Purification
-- Disinfection.
9 (RLIN) 6245
700 1# - ADDED ENTRY--PERSONAL NAME
Personal name Mackey, Erin D.
9 (RLIN) 6246
710 2# - ADDED ENTRY--CORPORATE NAME
Corporate name or jurisdiction name as entry element AWWA Research Foundation.
9 (RLIN) 5975
710 1# - ADDED ENTRY--CORPORATE NAME
Corporate name or jurisdiction name as entry element United States.
Subordinate unit Environmental Protection Agency.
9 (RLIN) 6247
710 2# - ADDED ENTRY--CORPORATE NAME
Corporate name or jurisdiction name as entry element Water Environment Research Foundation.
9 (RLIN) 6248
856 42 - ELECTRONIC LOCATION AND ACCESS
Materials specified Publisher description
Uniform Resource Identifier <a href="http://www.loc.gov/catdir/enhancements/fy1305/2004046350-d.html">http://www.loc.gov/catdir/enhancements/fy1305/2004046350-d.html</a>
906 ## - LOCAL DATA ELEMENT F, LDF (RLIN)
a 7
b cbc
c orignew
d 1
e ocip
f 20
g y-gencatlg
942 ## - ADDED ENTRY ELEMENTS (KOHA)
Source of classification or shelving scheme
Koha item type Book
Call number prefix IESE
Holdings
Withdrawn status Lost status Source of classification or shelving scheme Damaged status Not for loan Collection code Permanent Location Current Location Shelving location Date acquired Total Checkouts Full call number Barcode Date last seen Price effective from Koha item type
            Institute of Environmental Science and Engineering (IESE) Institute of Environmental Science and Engineering (IESE) General Stacks 11/09/2017   628.162 AWW IESE-1171 11/09/2017 11/09/2017 Book
© 2023 Central Library, National University of Sciences and Technology. All Rights Reserved.